000 00713nam a2200229 a 4500
001 57223
003 BD-RjUL
005 20211209080502.0
008 161207s1950 nyu b 000 0 eng
035 _a(BD-RjUL)57347
040 _aDLC
_beng
_cDLC
_erda
_dBD-RjUL
041 _aeng
082 0 0 _a306
_223
_bGIC 1950
100 1 _aGillin, John Lewis
_9169946
245 1 0 _aCultural sociology :
_ba revision of an introduction to sociology /
_cJohn Lewis Gillin, John Philip Gillin
260 _aNew York :
_bMacmillan,
_c1950
300 _a844 p. ;
_c24 cm
504 _aIncludes bibliographical references.
650 0 _aCulture
_xSociology.
_9169947
700 _aGillin, John Philip
_9169948
942 _2ddc
_cBK
999 _c57223
_d57223